000 00727nam a2200241Ia 4500
003 OSt
005 20220924130721.0
006 a|||||r|||| 00| 0
007 ta
008 220923b |||||||| |||| 00| 0 san d
024 _a9808
037 _cTextual
040 _aARTS
_cARTS
_bsan
041 _2san
_asan
082 _aQ11:21, 15H2,3-;1
100 _aVarma L A Ravi ed
_9200614
245 0 _aRiksamhita with the comm of Skandaswamin and 'Dipika' of Venkatamadhava
260 _aTrivandrum
_bGovernment Press
_c1942
490 _aUniversity of Travangore sanskritr series 167
650 _aRELIGION
942 _hQ11:21, 15H2,3-;1
_cTEXL
_2CC
999 _c425278
_d425278